Yamasa biochemicals for research

Đã lưu trong:
書目詳細資料
格式: 圖書
語言:Undetermined
出版: Tokyo Yamasa Shoyu
主題:
標簽: 添加標簽
沒有標簽, 成為第一個標記此記錄!
Thư viện lưu trữ: Trung tâm Học liệu Trường Đại học Cần Thơ
LEADER 00380nam a2200145Ia 4500
001 CTU_97572
008 210402s9999 xx 000 0 und d
082 |a 574.192 
082 |b Y35 
245 0 |a Yamasa biochemicals for research 
260 |a Tokyo 
260 |b Yamasa Shoyu 
650 |a Biochemistry 
904 |i Trúc 
980 |a Trung tâm Học liệu Trường Đại học Cần Thơ